Statistics for Formula 1: Most Points Per Decade 1980-1989

Click here to take the quiz!

General Stats

  • This quiz has been taken 184 times
  • The average score is 21 of 31

Answer Stats

PointsDriverNationality% Correct
592.5Alain ProstFrance
100%
317Ayrton SennaBrazil
100%
412Nelson PiquetBrazil
100%
128Niki LaudaAustria
98%
252Nigel MansellUK
96%
37Gilles VilleneuveCanada
91%
121Alan JonesAustralia
89%
159.5Keke RosbergFinland
89%
118Gerhard BergerAustria
86%
104Carlos ReutemannArgentina
83%
115Riccardo PatreseItaly
83%
164René ArnouxFrance
81%
179.5Michele AlboretoItaly
79%
96Thierry BoutsenBelgium
78%
88Stefan JohanssonSweden
75%
80Didier PironiFrance
70%
129Jacques LaffiteFrance
69%
119Elio de AngelisItaly
62%
94John WatsonUK
62%
90Patrick TambayFrance
62%
70Eddie CheeverUS
57%
14Martin BrundleUK
56%
44Alessandro NanniniItaly
54%
38Andrea de CesarisItaly
54%
64Derek WarwickUK
49%
14Derek DalyIreland
48%
23Teo FabiItaly
35%
17Marc SurerSwitzerland
31%
21Ivan CapelliItaly
29%
14Bruno GiacomelliItaly
25%
14Jonathan PalmerUK
24%

Score Distribution

Percentile by Number Answered

Percent of People with Each Score

Your Score History

You have not taken this quiz